| 000 | 00602nam a2200253Ia 4500 | ||
|---|---|---|---|
| 005 | 20260401122342.0 | ||
| 008 | 008 250103s9999 xx 000 0 eng d | ||
| 037 | _aTB | ||
| 040 | _aEDL | ||
| 040 | _beng | ||
| 040 | _cEDL | ||
| 041 | _2eng | ||
| 041 | _aeng | ||
| 084 | _a827.8 TIT | ||
| 084 | _qEDL | ||
| 100 |
_aTitmarsh, Michael Angelo _91233331 |
||
| 245 | 0 | _aRose and the Ring or History of Prince Giglio and Prince Bulbo | |
| 245 | 0 | _cTitmarsh, Michael Angelo | |
| 300 | _a209p | ||
| 942 | _cTB | ||
| 942 | _h827.8 TIT | ||
| 999 |
_c1846719 _d1846719 |
||